00894nam a2200241 a 4500001001000000003000500010005001700015008004100032010001100073011001100084040000900095100002700104245012200131260004100253500006000294502009400354650003300448650002800481650002900509650002800538856001600566856007000582000110925CHAP20220329144151.0141024s2014 mx sm |||||||spa d a107387 a108359 cCHAP1 aCervantes Parra, Jaime10aContenido Energetico de nueve genotipos de higuerilla (Ricinus communis L.)h[En línea]cpor Jaime Cervantes Parra. aChapingo, Méx. :bEl autor,c2014. aPara ver el contenido del material haga clic en la liga aTesis (Ing. Agr. Esp. en Forestal ) -- UACH. Departamento Division de Ciencias Forestales14aBiocombustiblesxAnálisis.14aHiguerillaxGenética.14aHiguerillaxRendimiento.14aHiguerillaxVariedades. a1 n0001530 aFinding aiduhttp://10.13.5.2/tesis/sist110925.pdfzTeclea aquí